Bolshevism : (Record no. 142700)

MARC details
000 -LEADER
fixed length control field 00688nam a22002057a 4500
005 - DATE AND TIME OF LATEST TRANSACTION
control field 20170720114558.0
010 ## - LCCN (DPL NO)
LC control number ENG-119291
020 ## - INTERNATIONAL STANDARD BOOK NUMBER
International Standard Book Number 9789350020128
Terms of availability 895.00
035 ## - SYSTEM CONTROL NUMBER
System control number EN-102823
037 ## - SOURCE OF ACQUISITION
Source of stock number/acquisition DBAB/PUB
082 ## - DEWEY DECIMAL CLASSIFICATION NUMBER
Classification number 947.8
100 ## - MAIN ENTRY--PERSONAL NAME
Personal name Woods, Alan
245 ## - TITLE STATEMENT
Title Bolshevism :
Statement of responsibility, etc by Alan Woods
Remainder of title the road to revolution /
260 ## - PUBLICATION, DISTRIBUTION, ETC. (IMPRINT)
Place of publication, distribution, etc Delhi
Name of publisher, distributor, etc Aakar Books
Date of publication, distribution, etc 2010
270 ## - ADDRESS
Address 28 E Pocket IV,Mayur Vihar Phase I
City Delhi
Postal code 110091
300 ## - PHYSICAL DESCRIPTION
Extent 144p.
Dimensions 22cm(Hb)
500 ## - GENERAL NOTE
General note Includes bibliographical references and index
505 ## - FORMATTED CONTENTS NOTE
Formatted contents note a history of the Bolshevik Party from the early beginnings to the October Revolution.
942 ## - ADDED ENTRY ELEMENTS (KOHA)
Source of classification or shelving scheme Dewey Decimal Classification
Item type English Books
Call number suffix WOO
Classification part 947.08
Holdings
Withdrawn status Lost status Not for loan Collection code Home library Current library Date acquired Source of acquisition Cost, normal purchase price Full call number Barcode Copy number Cost, replacement price Koha item type
      Non-fiction Patel Nagar Patel Nagar 20/07/2017 DBAD/PUB 895.00 947.08 WOO EN-102823 1 895.00 English Books

© Delhi Public Library
Hit Counter
free hit counter